Normal view MARC view

Entry Personal Name

Number of records used in: 1

001 - CONTROL NUMBER

  • control field: 1636

003 - CONTROL NUMBER IDENTIFIER

  • control field: DLC

005 - DATE AND TIME OF LATEST TRANSACTION

  • control field: 20200128124624.0

008 - FIXED-LENGTH DATA ELEMENTS

  • fixed length control field: 810805n| azannaab |n aaa

010 ## - LIBRARY OF CONGRESS CONTROL NUMBER

  • LC control number: n 81028145

040 ## - CATALOGING SOURCE

  • Original cataloging agency: DLC
  • Language of cataloging: eng
  • Description conventions: rda
  • Transcribing agency: DLC
  • Modifying agency: DLC

100 10 - HEADING--PERSONAL NAME

  • Personal name: Adam, Everett E.

670 ## - SOURCE DATA FOUND

  • Source citation: His Forecasting demand for ... 1972.

670 ## - SOURCE DATA FOUND

  • Source citation: Information from 678 converted Dec. 12, 2014
  • Information found: (Jr.; Univ. of Missouri, Columbia, Mo; b. 4/6/41)

Powered by Koha